000 00288nam a22001337a 4500
008 170207b xxu||||| |||| 00| 0 eng d
020 _a9781416041917
041 _aeng
080 _a61
100 _a4
101 _aSHM
245 _aVIRTUAL MEDICAL OFFICE
_cFULCHER.M
942 _2udc
_cBK
999 _c4845
_d4845